000 00686nam a2200169Ia 4500
008 090711s9999 xx 000 0 und d
082 _b31779
100 _aSाौधरी बनवारीलाल
245 _aसंत्र्याSाी लागवड व व्यापार
260 _bउद्यम प्रकाशन
_c1968
300 _a100
600 _aSाौधरी बनवारीलाल
630 _aसंत्र्याSाी लागवड व व्यापार
700 _aSाौधरी बनवारीलाल
730 _aसंत्र्याSाी लागवड व व्यापार
942 _cBOOK
999 _c328958
_d328958